000 00269nam a22001217a 4500
008 230703b xxu||||| |||| 00| 0 eng d
082 _a349.4
_bNDU
100 _cGrace Ndugu
245 _aYou and Your Rights
260 _aKenya
_c1998
300 _a75p
942 _2ddc
_cBK
999 _c3204
_d3204